• 首页
  • 本馆介绍
  • 公告通知
  • 最新文献
  • 馆藏检索
  • 电子资源
  • 读者导购
  • 参考咨询
  • 我的图书馆
  • 登录
  • 详细信息显示
  • 放入我的书架
  • 预约/预借图书
  • 作者相关作品
  • 分类相关作品
  • 丛书相关作品
  • 出版社相关作品

书目信息

  • 表格格式
  • 工作单格式
  • 卡片格式
题名:
气动弹性力学原理
    
 
作者: 伏欣 著
分册:  
出版信息: 上海   上海科学技术文献出版社  1982.2
页数: 741页
开本: 20cm
丛书名:
单 册:
中图分类: V211.1
科图分类:
主题词: 航空--理论 , 航空--试验
电子资源:
ISBN:
000 00570nam0 2200205 45
001 0312221749
005 20031222170902.9
010    @dCNY2.90
100    @a20031222d1982 km y0chiy0120 ea
101    @achi
105    @a z 000yy
200 1  @a气动弹性力学原理@AQi Dong Dan Xing Li Xue Yuan Li@f(西德)伏欣著@F(Xi De)Fu Xin Zhu
210    @a上海@c上海科学技术文献出版社@d1982.2
215    @a741页@d20cm
606 0  @a航空@x理论
606 0  @a航空@x试验
690    @aV211.1@v3
701 0  @a伏欣@4著
801    @aCN@bTSTCL@c20031222
905    @a213230@dV211.1@e1@b73329@f1
    
    气动弹性力学原理/(西德)伏欣著.-上海:上海科学技术文献出版社,1982.2
    741页;20cm
    
    
    ISBN :CNY2.90
    
●
相关链接 在E读中查询图书 在五车中查询图书 在当当中查询图书 在豆瓣中查询图书


正题名:气动弹性力学原理     索取号:V211.1/1         预约/预借

序号 登录号 条形码 馆藏地/架位号 状态 备注
1 0073329   001487000   第二样本阅览室/ [索取号:V211.1/1] 在馆    
唐山师范学院图书馆 欢迎您!
大连网信软件有限公司© 版权所有